Oeffentliche Vorlesungen über (Record no. 5475)

MARC details
000 -CABECERA
campo de control de longitud fija 00713nam a2200241 a 4500
001 - NÚMERO DE CONTROL
campo de control BRCA_5786
005 - FECHA Y HORA DE LA ÚLTIMA TRANSACCIÓN
campo de control 20190320205220.0
008 - DATOS DE LONGITUD FIJA--INFORMACIÓN GENERAL
campo de control de longitud fija 090311s1842----gw-#######---#000-0#ger-#
041 ## - CÓDIGO DE LENGUA
Código de lengua del texto/banda sonora o título independiente ger
044 ## - CÓDIGO DEL PAÍS DE LA ENTIDAD EDITORA/PRODUCTORA
Código MARC del país gw
050 #4 - SIGNATURA TOPOGRÁFICA DE LA BIBLIOTECA DEL CONGRESO
Número de clasificación N8675
Número de documento/Ítem .H68 1842
100 1# - ENTRADA PRINCIPAL--NOMBRE DE PERSONA
Nombre de persona Hotho, H. G.
9 (RLIN) 14675
245 10 - MENCIÓN DE TÍTULO
Título Oeffentliche Vorlesungen über
Resto del título Gegenstände der Literatur und Kunst
Mención de responsabilidad, etc. H. G. Hotho.
260 ## - PUBLICACIÓN, DISTRIBUCIÓN, ETC.
Lugar de publicación, distribución, etc. Berlín
Nombre del editor, distribuidor, etc. Simion
Fecha de publicación, distribución, etc. 1842
300 ## - DESCRIPCIÓN FÍSICA
Extensión 2 v. en 1 v., 394 p.
Dimensiones 19 cm.
500 ## - NOTA GENERAL
Nota general G11
505 0# - NOTA DE CONTENIDO CON FORMATO
Nota de contenido con formato Contenido: v.2. Geschichte der deutschen und niederländischen malerei
650 14 - PUNTO DE ACCESO ADICIONAL DE MATERIA--TÉRMINO DE MATERIA
Término de materia o nombre geográfico como elemento de entrada Objetos de arte
9 (RLIN) 8860
650 14 - PUNTO DE ACCESO ADICIONAL DE MATERIA--TÉRMINO DE MATERIA
Término de materia o nombre geográfico como elemento de entrada Pintura holandesa
9 (RLIN) 9393
650 14 - PUNTO DE ACCESO ADICIONAL DE MATERIA--TÉRMINO DE MATERIA
Término de materia o nombre geográfico como elemento de entrada Pintura alemana
9 (RLIN) 9335
902 ## - CATALOGADOR
Iniciales GFM
942 ## - ELEMENTOS DE PUNTO DE ACCESO ADICIONAL (KOHA)
Fuente del sistema de clasificación o colocación Library of Congress Classification
Tipo de ítem Koha Libros
Holdings
Estado de retiro Estado de pérdida Estado dañado No para préstamo Localización permanente Ubicación/localización actual Fecha de adquisición Número de inventario Total de préstamos Signatura topográfica completa Código de barras Fecha visto por última vez Precio válido a partir de Tipo de ítem Koha
El ejemplar forma parte de la colección y puede ser consultado según las políticas vigentes.       Biblioteca del Museo Franz Mayer (Rogerio Casas-Alatriste) Biblioteca del Museo Franz Mayer (Rogerio Casas-Alatriste) 09/03/2011 G11   N8675 .H68 1842 (G11) 6225 22/03/2019 22/03/2019 Libros